[Event "Madrid 2024-2025ch - Previa A"]
[Site "Madrid ESP"]
[Date "2025.02.18"]
[Round "8.2"]
[White "Moreno Torrero, Javier"]
[Black "Vazquez Gonzalez, Francisco"]
[Result "0-1"]
[WhiteElo "1900"]
[BlackElo "1965"]
[PlyCount "86"]
[GameId "2154969440768112"]
[EventDate "2025.01.30"]
[EventType "swiss"]
[EventRounds "9"]
[EventCountry "ESP"]
[SourceTitle "Ajedrez en Madrid"]
[Source "lmi"]
[SourceDate "2025.01.30"]
[SourceVersion "1"]
[SourceVersionDate "2025.03.19"]
[SourceQuality "1"]

1. e4 e5 2. Nf3 Nc6 3. Bb5 Nge7 4. c3 Ng6 5. d4 exd4 6. cxd4 Bb4+ 7. Nc3 O-O 8. O-O d6 9. h3 Bd7 10. Bg5 Qc8 11. Nd5 Ba5 12. Kh2 h6 13. Be3 Qd8 14. Qa4 Bb6 15. Nxb6 axb6 16. Qd1 Ra5 17. a4 Re8 18. Bd2 Ra8 19. d5 Nce5 20. Bxd7 Nxd7 21. Qc2 Nc5 22. Rfe1 Qd7 23. a5 bxa5 24. Rxa5 Rxa5 25. Bxa5 b6 26. Bb4 Qb5 27. Bxc5 bxc5 28. Nd2 Ne5 29. f4 Nd3 30. Re3 Nxf4 31. Nc4 Ng6 32. e5 Nxe5 33. Nxe5 Rxe5 34. Rxe5 dxe5 35. Qf5 Qe8 36. Qc2 Qe7 37. Qe4 Qg5 38. Qc2 Qf4+ 39. Kh1 Qd4 40. Qf5 g6 41. Qc8+ Kg7 42. Qxc7 Qxd5 43. Qa5 Qd4 0-1

[Event "Madrid 2024-2025ch - Previa A"]
[Site "Madrid ESP"]
[Date "2025.02.18"]
[Round "8.3"]
[White "Nunez Munoz, Jesus"]
[Black "Martin Martin, Luis Vicente"]
[Result "1/2-1/2"]
[WhiteElo "1996"]
[BlackElo "1916"]
[PlyCount "36"]
[GameId "2154970395250834"]
[EventDate "2025.01.30"]
[EventType "swiss"]
[EventRounds "9"]
[EventCountry "ESP"]
[SourceTitle "Ajedrez en Madrid"]
[Source "lmi"]
[SourceDate "2025.01.30"]
[SourceVersion "1"]
[SourceVersionDate "2025.03.19"]
[SourceQuality "1"]

1. e4 d5 2. exd5 Qxd5 3. Nc3 Qa5 4. d4 c6 5. Bc4 Bf5 6. Bd2 Nf6 7. Nd5 Qd8 8. Nxf6+ gxf6 9. c3 e6 10. Qf3 Nd7 11. Ne2 Bd6 12. Ng3 Bg6 13. h4 h5 14. Bb3 Qc7 15. Ne4 Bxe4 16. Qxe4 f5 17. Qe2 O-O-O 18. O-O-O Bf4 1/2-1/2

[Event "Madrid 2024-2025ch - Previa A"]
[Site "Madrid ESP"]
[Date "2025.02.18"]
[Round "8.4"]
[White "Pastor Alonso De Prado, Alberto"]
[Black "Melgar Morraja, Mateo"]
[Result "1-0"]
[WhiteElo "1963"]
[BlackElo "1812"]
[PlyCount "83"]
[GameId "2154983981314224"]
[EventDate "2025.01.30"]
[EventType "swiss"]
[EventRounds "9"]
[EventCountry "ESP"]
[SourceTitle "Ajedrez en Madrid"]
[Source "lmi"]
[SourceDate "2025.01.30"]
[SourceVersion "1"]
[SourceVersionDate "2025.03.19"]
[SourceQuality "1"]

1. d4 Nf6 2. Nf3 d5 3. e3 Bg4 4. c4 e6 5. Qb3 Bxf3 6. Qxb7 Nbd7 7. gxf3 Be7 8. Nc3 O-O 9. cxd5 exd5 10. Nxd5 Nxd5 11. Qxd5 c5 12. Bh3 Nb6 13. Qxd8 Rfxd8 14. dxc5 Bxc5 15. Bd2 Nc4 16. O-O-O Ne5 17. Ba5 Rxd1+ 18. Rxd1 Nxf3 19. Bg2 Rc8 20. Kb1 Ne5 21. Rc1 Nd3 22. Rc3 Nxf2 23. b4 Nd1 24. Rxc5 Rb8 25. e4 h6 26. e5 g5 27. Bd5 Ne3 28. Bb3 Rb7 29. Rc7 Rxc7 30. Bxc7 h5 31. b5 Nf1 32. e6 fxe6 33. Bxe6+ Kh7 34. Be5 Kg6 35. a4 Nd2+ 36. Kc2 Nf3 37. Bc3 g4 38. a5 Nxh2 39. b6 axb6 40. axb6 g3 41. Bh3 Nf3 42. b7 1-0

[Event "Madrid 2024-2025ch - Previa A"]
[Site "Madrid ESP"]
[Date "2025.02.18"]
[Round "8.5"]
[White "Alvarez Abejon, Amilcar"]
[Black "Lorenzo Bailador, Alfredo"]
[Result "1/2-1/2"]
[WhiteElo "1912"]
[BlackElo "1927"]
[PlyCount "38"]
[GameId "2154985808629951"]
[EventDate "2025.01.30"]
[EventType "swiss"]
[EventRounds "9"]
[EventCountry "ESP"]
[SourceTitle "Ajedrez en Madrid"]
[Source "lmi"]
[SourceDate "2025.01.30"]
[SourceVersion "1"]
[SourceVersionDate "2025.03.19"]
[SourceQuality "1"]

1. c4 e6 2. Nf3 d5 3. g3 Nf6 4. Bg2 Be7 5. O-O O-O 6. d4 dxc4 7. Ne5 Nc6 8. Bxc6 bxc6 9. Nxc6 Qe8 10. Nxe7+ Qxe7 11. Nc3 c5 12. dxc5 Qxc5 13. Be3 Qc6 14. Qa4 Bd7 15. Qxc6 Bxc6 16. Rfd1 Rfb8 17. Rd2 h6 18. Rad1 Nd5 19. Nxd5 exd5 1/2-1/2

[Event "Madrid 2024-2025ch - Previa A"]
[Site "Madrid ESP"]
[Date "2025.02.18"]
[Round "8.6"]
[White "Pulido Gomez, Pablo"]
[Black "Bocancea, Cristian Andrei"]
[Result "1/2-1/2"]
[WhiteElo "1913"]
[BlackElo "1905"]
[PlyCount "85"]
[GameId "2154988137808078"]
[EventDate "2025.01.30"]
[EventType "swiss"]
[EventRounds "9"]
[EventCountry "ESP"]
[SourceTitle "Ajedrez en Madrid"]
[Source "lmi"]
[SourceDate "2025.01.30"]
[SourceVersion "1"]
[SourceVersionDate "2025.03.19"]
[SourceQuality "1"]

1. e4 c5 2. Nf3 Nc6 3. d4 cxd4 4. Nxd4 Nf6 5. Nc3 d6 6. Nd5 Nxe4 7. Nb5 Qa5+ 8. c3 Rb8 9. Bd3 e6 10. Ndc7+ Kd7 11. Bxe4 a6 12. a4 axb5 13. Nxb5 f5 14. Bf3 Qd8 15. O-O Ke8 16. Re1 Be7 17. Qe2 g6 18. Bxc6+ bxc6 19. Nd4 Qd7 20. Nxe6 Qxe6 21. Qxe6 Bxe6 22. Rxe6 Kd7 23. Re2 Rb3 24. g3 Rhb8 25. Kg2 Bf6 26. h4 Be5 27. Ra2 c5 28. Re1 R8b7 29. h5 g5 30. Re2 Bf6 31. f3 d5 32. Be3 d4 33. Rd2 Kc6 34. Bf2 dxc3 35. bxc3 Bxc3 36. Rdc2 Kd5 37. Be3 h6 38. Bd2 Bd4 39. a5 Ra7 40. Ra4 Rb1 41. Bc3 Rb5 42. Bxd4 cxd4 43. Rd2 1/2-1/2

[Event "Madrid 2024-2025ch - Previa A"]
[Site "Madrid ESP"]
[Date "2025.02.18"]
[Round "8.7"]
[White "Garcia Galeote, Lorenzo"]
[Black "Marquez Misel, Michael Angel"]
[Result "1/2-1/2"]
[WhiteElo "1944"]
[BlackElo "1879"]
[PlyCount "73"]
[GameId "2154995048829155"]
[EventDate "2025.01.30"]
[EventType "swiss"]
[EventRounds "9"]
[EventCountry "ESP"]
[SourceTitle "Ajedrez en Madrid"]
[Source "lmi"]
[SourceDate "2025.01.30"]
[SourceVersion "1"]
[SourceVersionDate "2025.03.19"]
[SourceQuality "1"]

1. d4 d5 2. Bf4 c5 3. e3 cxd4 4. exd4 Nc6 5. c3 Bf5 6. Nf3 e6 7. Qb3 Qc8 8. Nbd2 f6 9. Be2 Qd7 10. O-O Nge7 11. Rfe1 g5 12. Bg3 h5 13. h4 g4 14. Nh2 Bh6 15. Nhf1 Ng6 16. Ne3 Nge7 17. Bb5 Kf7 18. c4 a6 19. Bxc6 bxc6 20. Qc3 Rhc8 21. Nb3 Re8 22. Nc5 Qc8 23. Re2 Be4 24. Rae1 Ng6 25. f3 gxf3 26. gxf3 Bxe3+ 27. Qxe3 Bf5 28. Qh6 Rh8 29. Qd2 Re8 30. cxd5 cxd5 31. Qa5 Nf8 32. Qb6 Nd7 33. Qb7 Re7 34. Qxc8 Rxc8 35. Nxd7 Rxd7 36. Re3 Rb7 37. R1e2 1/2-1/2

[Event "Madrid 2024-2025ch - Previa A"]
[Site "Madrid ESP"]
[Date "2025.02.18"]
[Round "8.8"]
[White "Marin Lopez, Jeronimo"]
[Black "Martin Rodriguez, Emilio"]
[Result "1/2-1/2"]
[WhiteElo "1922"]
[BlackElo "1939"]
[PlyCount "53"]
[GameId "2155091656970399"]
[EventDate "2025.01.30"]
[EventType "swiss"]
[EventRounds "9"]
[EventCountry "ESP"]
[SourceTitle "Ajedrez en Madrid"]
[Source "lmi"]
[SourceDate "2025.01.30"]
[SourceVersion "1"]
[SourceVersionDate "2025.03.19"]
[SourceQuality "1"]

1. e4 c6 2. Nc3 d5 3. Nf3 dxe4 4. Nxe4 Nf6 5. Qe2 Nxe4 6. Qxe4 Nd7 7. Bc4 e6 8. d4 Nf6 9. Qe2 Qc7 10. O-O b5 11. Bd3 Be7 12. Bg5 a6 13. Ne5 Bb7 14. Rfe1 O-O 15. Rad1 Rad8 16. c3 c5 17. dxc5 Qxc5 18. Bc2 Rxd1 19. Rxd1 Qc7 20. Bb3 Nd5 21. Bxe7 Qxe7 22. Ng6 Qg5 23. Bxd5 Bxd5 24. Rxd5 Qxg6 25. Rd1 h6 26. h3 Qf5 27. Qd3 1/2-1/2

[Event "Madrid 2024-2025ch - Previa A"]
[Site "Madrid ESP"]
[Date "2025.02.18"]
[Round "8.9"]
[White "Urosa Sanchez, Pablo"]
[Black "Rodriguez Garcia, Jose Maria"]
[Result "1/2-1/2"]
[WhiteElo "1829"]
[BlackElo "1935"]
[PlyCount "89"]
[GameId "2155092580892868"]
[EventDate "2025.01.30"]
[EventType "swiss"]
[EventRounds "9"]
[EventCountry "ESP"]
[SourceTitle "Ajedrez en Madrid"]
[Source "lmi"]
[SourceDate "2025.01.30"]
[SourceVersion "1"]
[SourceVersionDate "2025.03.19"]
[SourceQuality "1"]

1. e4 c6 2. d4 d5 3. Nc3 dxe4 4. Nxe4 Nf6 5. Nxf6+ exf6 6. c3 Bd6 7. Bd3 O-O 8. Qc2 h6 9. Ne2 Re8 10. O-O Nd7 11. c4 Nf8 12. Be3 Bg4 13. Rfe1 Qc7 14. Ng3 Bxg3 15. hxg3 Rad8 16. b3 Re7 17. Bf4 Qd7 18. Rxe7 Qxe7 19. Be3 Ne6 20. d5 cxd5 21. cxd5 Rxd5 22. Bxa7 Qd7 23. Bc4 Bf5 24. Qc3 Rd1+ 25. Bf1 Kh7 26. Be3 Rd6 27. Re1 Rc6 28. Qa5 Bg6 29. b4 Rc2 30. a4 Nd4 31. b5 Nf5 32. Bf4 Qd4 33. Re2 Rxe2 34. Bxe2 Qa1+ 35. Kh2 Nd4 36. Bf3 Nxf3+ 37. gxf3 Qd1 38. Kg2 Bd3 39. Qd2 Qf1+ 40. Kh2 Be2 41. Qe3 Qd1 42. Qe4+ Kg8 43. Qe8+ Kh7 44. Qe4+ Kg8 45. Qe8+ 1/2-1/2

[Event "Madrid 2024-2025ch - Previa A"]
[Site "Madrid ESP"]
[Date "2025.02.18"]
[Round "8.10"]
[White "Sanchez Rodriguez, Jaime"]
[Black "Fernandez Garcia, Ignacio"]
[Result "1/2-1/2"]
[WhiteElo "1952"]
[BlackElo "1790"]
[PlyCount "120"]
[GameId "2155095570112726"]
[EventDate "2025.01.30"]
[EventType "swiss"]
[EventRounds "9"]
[EventCountry "ESP"]
[SourceTitle "Ajedrez en Madrid"]
[Source "lmi"]
[SourceDate "2025.01.30"]
[SourceVersion "1"]
[SourceVersionDate "2025.03.19"]
[SourceQuality "1"]

1. d4 c6 2. e3 d6 3. Nf3 Bg4 4. Be2 Nf6 5. O-O g6 6. Nbd2 Bg7 7. c4 O-O 8. Qc2 Na6 9. a3 c5 10. d5 Nc7 11. h3 Bc8 12. b4 Nfxd5 13. Rb1 Nc3 14. Bd3 Nxb1 15. Nxb1 cxb4 16. axb4 b5 17. cxb5 Bd7 18. Nd4 Bxd4 19. exd4 Bxb5 20. Nc3 Bxd3 21. Qxd3 d5 22. Bh6 Re8 23. f4 Qd6 24. f5 Qxb4 25. fxg6 hxg6 26. Bf4 Qc4 27. Qxc4 dxc4 28. Bxc7 Rec8 29. Bg3 a5 30. Nd5 Ra7 31. Rc1 a4 32. Bh4 f6 33. Be1 Kf7 34. Bc3 a3 35. Kf2 Rb8 36. Nb4 Rab7 37. Na2 Rb2+ 38. Bxb2 Rxb2+ 39. Kf3 Rxa2 40. Rxc4 Rd2 41. Ra4 a2 42. g3 Ke6 43. Ke3 Rh2 44. h4 Rb2 45. Ra5 Kd6 46. g4 Rh2 47. h5 gxh5 48. gxh5 Rxh5 49. Rxa2 Rh3+ 50. Ke4 Rh4+ 51. Ke3 f5 52. Ra6+ Kd5 53. Ra5+ Ke6 54. Ra6+ Kf7 55. Ra5 Kf6 56. Ra6+ Kg5 57. Re6 Rh3+ 58. Ke2 Rh7 59. Kf3 Rh3+ 60. Ke2 Rh7 1/2-1/2

[Event "Madrid 2024-2025ch - Previa A"]
[Site "Madrid ESP"]
[Date "2025.02.18"]
[Round "8.11"]
[White "Vazquez Gonzalez, Jesus"]
[Black "Lopez de Turiso Sanchez, Jose An"]
[Result "0-1"]
[WhiteElo "1920"]
[BlackElo "1967"]
[PlyCount "28"]
[GameId "2155100199854312"]
[EventDate "2025.01.30"]
[EventType "swiss"]
[EventRounds "9"]
[EventCountry "ESP"]
[SourceTitle "Ajedrez en Madrid"]
[Source "lmi"]
[SourceDate "2025.01.30"]
[SourceVersion "1"]
[SourceVersionDate "2025.03.19"]
[SourceQuality "1"]

1. e4 e5 2. Nf3 Nc6 3. Bc4 Nf6 4. Ng5 d5 5. exd5 b5 6. Bf1 h6 7. Nxf7 Kxf7 8. dxc6 Bc5 9. Bxb5 Ng4 10. Bc4+ Ke8 11. Qe2 Bxf2+ 12. Kf1 Rf8 13. Qe4 Ne3+ 14. Ke2 Bg4+ 0-1

[Event "Madrid 2024-2025ch - Previa A"]
[Site "Madrid ESP"]
[Date "2025.02.18"]
[Round "8.12"]
[White "Ruiz Bellon, Manuel"]
[Black "Hetz, Robert"]
[Result "1-0"]
[WhiteElo "1965"]
[BlackElo "1825"]
[PlyCount "115"]
[GameId "2155100581572855"]
[EventDate "2025.01.30"]
[EventType "swiss"]
[EventRounds "9"]
[EventCountry "ESP"]
[SourceTitle "Ajedrez en Madrid"]
[Source "lmi"]
[SourceDate "2025.01.30"]
[SourceVersion "1"]
[SourceVersionDate "2025.03.19"]
[SourceQuality "1"]

1. e4 c5 2. Nc3 Nc6 3. f4 e6 4. Nf3 d5 5. exd5 exd5 6. Bb5 a6 7. Bxc6+ bxc6 8. O-O Bg4 9. Qe1+ Be7 10. Ne5 Bd7 11. Na4 Nf6 12. d3 O-O 13. b3 c4 14. Be3 Rb8 15. dxc4 Ne4 16. cxd5 cxd5 17. Nxd7 Qxd7 18. Rd1 Qb5 19. Rd3 Bb4 20. Qd1 Nf6 21. Bd4 Ne4 22. Qg4 f6 23. Rfd1 Rb7 24. Bb2 Bc5+ 25. Nxc5 Qxc5+ 26. Bd4 Qxc2 27. Qe6+ Rbf7 28. Qxd5 f5 29. a4 Qc7 30. Be5 Qb6+ 31. Qd4 Qg6 32. Qe3 Qe6 33. h3 Qc6 34. Rc1 Qg6 35. Kh2 h5 36. Qd4 Qe6 37. Qd5 Qxd5 38. Rxd5 Rb7 39. Rd3 Re8 40. Rc6 a5 41. Rd5 Rxb3 42. Rd7 Rg3 43. Rcc7 h4 44. Rxg7+ Rxg7 45. Rxg7+ Kf8 46. Ra7 Rc8 47. Rxa5 Rc4 48. Ra7 Rc1 49. Rh7 Ng3 50. Rxh4 Nf1+ 51. Kg1 Ng3+ 52. Kf2 Ne4+ 53. Ke3 Re1+ 54. Kd4 Rd1+ 55. Kc4 Nd2+ 56. Kb5 Rb1+ 57. Kc5 Ne4+ 58. Kd5 1-0

[Event "Madrid 2024-2025ch - Previa A"]
[Site "Madrid ESP"]
[Date "2025.02.18"]
[Round "8.13"]
[White "Albert Aparicio, Ismael"]
[Black "Arevillca Colque, Jonatan"]
[Result "0-1"]
[WhiteElo "1886"]
[BlackElo "1957"]
[PlyCount "132"]
[GameId "2155105717481737"]
[EventDate "2025.01.30"]
[EventType "swiss"]
[EventRounds "9"]
[EventCountry "ESP"]
[SourceTitle "Ajedrez en Madrid"]
[Source "lmi"]
[SourceDate "2025.01.30"]
[SourceVersion "1"]
[SourceVersionDate "2025.03.19"]
[SourceQuality "1"]

1. e4 e5 2. Nf3 Nc6 3. d4 exd4 4. Nxd4 Qf6 5. Be3 Bc5 6. c3 Nge7 7. Bc4 d6 8. a4 a6 9. O-O Qg6 10. Nd2 Ne5 11. Be2 d5 12. Bh5 Qd6 13. f4 N5c6 14. Qe2 g6 15. Bf3 O-O 16. Kh1 Nxd4 17. cxd4 Ba7 18. e5 Qb4 19. Qd3 Nf5 20. Nb3 c6 21. Bf2 Be6 22. g4 Ng7 23. h4 Qe7 24. Rae1 f5 25. g5 Bf7 26. Be3 Ne6 27. Rc1 Qb4 28. Ra1 Rac8 29. Bd2 Qc4 30. Qxc4 dxc4 31. Na5 Nxd4 32. Bg2 Nb3 33. Nxb3 cxb3 34. Bc3 Rfd8 35. Rad1 Bc4 36. Rxd8+ Rxd8 37. Rc1 Be3 38. Bd2 Rxd2 39. Rxc4 Rxb2 40. Rb4 b5 41. Bxc6 Bc5 42. Bd5+ Kf8 43. Rxb3 Rxb3 44. Bxb3 bxa4 45. Bxa4 Be3 46. Kg2 Bxf4 47. e6 Bd2 48. Bb3 Be1 49. Kh3 Ke7 50. Bc4 a5 51. Bb3 Bf2 52. Bd5 a4 53. Bc4 a3 54. Bb3 Kd6 55. Ba2 Bc5 56. Kg3 Ke5 57. h5 gxh5 58. Kf3 h4 59. Bb1 Kd4 60. Kf4 Kc3 61. Kxf5 Kb2 62. Be4 a2 63. Kf6 a1=Q 64. Bxh7 Qf1+ 65. Bf5 Be7+ 66. Kxe7 Qxf5 0-1

[Event "Madrid 2024-2025ch - Previa A"]
[Site "Madrid ESP"]
[Date "2025.02.18"]
[Round "8.14"]
[White "Balsera Gomez, Antonio"]
[Black "Camarero Izquierdo, Juan Carlos"]
[Result "0-1"]
[WhiteElo "1873"]
[BlackElo "1936"]
[PlyCount "60"]
[GameId "2155112416796958"]
[EventDate "2025.01.30"]
[EventType "swiss"]
[EventRounds "9"]
[EventCountry "ESP"]
[SourceTitle "Ajedrez en Madrid"]
[Source "lmi"]
[SourceDate "2025.01.30"]
[SourceVersion "1"]
[SourceVersionDate "2025.03.19"]
[SourceQuality "1"]

1. d4 d5 2. Nf3 c6 3. e3 Bg4 4. h3 Bxf3 5. Qxf3 e6 6. Bd3 Nd7 7. Qg3 f5 8. Nd2 Ngf6 9. f3 Nh5 10. Qf2 Be7 11. h4 O-O 12. Nf1 e5 13. Bd2 e4 14. Be2 c5 15. f4 Nhf6 16. h5 Rc8 17. h6 g6 18. Bc3 cxd4 19. exd4 e3 20. Qxe3 Ne4 21. Bf3 Bh4+ 22. g3 Nxc3 23. bxc3 Re8 24. Bxd5+ Kh8 25. Be6 Nf8 26. d5 Bf6 27. Rb1 Rxc3 28. Qxa7 Qxd5 29. Qxb7 Rxe6+ 30. Kf2 Bd4+ 0-1

[Event "Madrid 2024-2025ch - Previa A"]
[Site "Madrid ESP"]
[Date "2025.02.18"]
[Round "8.15"]
[White "Olmos Sanz, Francisco J."]
[Black "Lozano Argueso, Cesar"]
[Result "0-1"]
[WhiteElo "1717"]
[BlackElo "1935"]
[PlyCount "49"]
[GameId "2155117623898556"]
[EventDate "2025.01.30"]
[EventType "swiss"]
[EventRounds "9"]
[EventCountry "ESP"]
[SourceTitle "Ajedrez en Madrid"]
[Source "lmi"]
[SourceDate "2025.01.30"]
[SourceVersion "1"]
[SourceVersionDate "2025.03.19"]
[SourceQuality "1"]

1. c4 e5 2. Nc3 Nc6 3. g3 f5 4. Bg2 Bb4 5. Nd5 a5 6. e3 Nf6 7. Ne2 O-O 8. O-O d6 9. d4 a4 10. Bd2 Bxd2 11. Qxd2 Nxd5 12. cxd5 Nb8 13. dxe5 dxe5 14. Rfd1 Qd6 15. Rac1 Na6 16. Nc3 Bd7 17. Qe2 Rf6 18. Qc4 b6 19. Nb5 Bxb5 20. Qxb5 Nc5 21. b4 axb3 22. axb3 e4 23. b4 Nd3 24. Rc6 Qxb4 25. Rxc7 0-1

[Event "Madrid 2024-2025ch - Previa A"]
[Site "Madrid ESP"]
[Date "2025.02.18"]
[Round "8.16"]
[White "De la Orden Alcocer, Alejandro"]
[Black "Martin-Consuegra Barrilero, Javi"]
[Result "1/2-1/2"]
[WhiteElo "1927"]
[BlackElo "1798"]
[PlyCount "128"]
[GameId "2155154286682306"]
[EventDate "2025.01.30"]
[EventType "swiss"]
[EventRounds "9"]
[EventCountry "ESP"]
[SourceTitle "Ajedrez en Madrid"]
[Source "lmi"]
[SourceDate "2025.01.30"]
[SourceVersion "1"]
[SourceVersionDate "2025.03.19"]
[SourceQuality "1"]

1. c4 d6 2. g3 e5 3. Bg2 Nf6 4. Nc3 c6 5. Rb1 Be6 6. d3 Be7 7. Nf3 h6 8. O-O Nbd7 9. b4 a6 10. a4 O-O 11. b5 axb5 12. axb5 d5 13. bxc6 bxc6 14. cxd5 cxd5 15. Nd2 Rb8 16. Ra1 Qc7 17. Ba3 Bxa3 18. Rxa3 Qc5 19. Qa1 d4 20. Nce4 Nxe4 21. Rc1 Qb4 22. Nxe4 Qb2 23. Qxb2 Rxb2 24. Re1 Rfb8 25. Ra5 f6 26. Nc5 Nxc5 27. Rxc5 Rb1 28. Rcc1 Rxc1 29. Rxc1 Rc8 30. Ra1 Rc7 31. h4 Kf7 32. Bf3 Ke7 33. Kg2 Bc8 34. Ra2 Bb7 35. Bxb7 Rxb7 36. h5 Kf7 37. g4 Ke6 38. Kf3 Rd7 39. Ke4 Kf7 40. Kf5 Re7 41. Ra4 Rd7 42. Ra6 Rc7 43. f4 exf4 44. Kxf4 Re7 45. Rd6 Rxe2 46. Rxd4 Re5 47. Rd7+ Kf8 48. d4 Rb5 49. Rc7 Rd5 50. Ke4 Rg5 51. Kf4 Rd5 52. Rc4 Kf7 53. Rc7+ Kf8 54. Ke4 Rg5 55. d5 Ke8 56. Kf4 Kd8 57. d6 Ke8 58. Re7+ Kd8 59. Ra7 Kc8 60. Rf7 Kd8 61. Ra7 Kc8 62. Rf7 Kd8 63. Rc7 Ke8 64. Ra7 Kd8 1/2-1/2

[Event "Madrid 2024-2025ch - Previa A"]
[Site "Madrid ESP"]
[Date "2025.02.18"]
[Round "8.18"]
[White "Martinez Miura, Enrique"]
[Black "Alonso Anton, Carlos"]
[Result "1/2-1/2"]
[WhiteElo "1685"]
[BlackElo "1856"]
[PlyCount "135"]
[GameId "2155156757012714"]
[EventDate "2025.01.30"]
[EventType "swiss"]
[EventRounds "9"]
[EventCountry "ESP"]
[SourceTitle "Ajedrez en Madrid"]
[Source "lmi"]
[SourceDate "2025.01.30"]
[SourceVersion "1"]
[SourceVersionDate "2025.03.19"]
[SourceQuality "1"]

1. e4 c6 2. d4 d5 3. Nc3 dxe4 4. Nxe4 Nd7 5. Nf3 Ngf6 6. Nxf6+ Nxf6 7. h3 Bf5 8. Bd3 Bxd3 9. Qxd3 e6 10. O-O Be7 11. Bf4 O-O 12. Rad1 Bd6 13. Bxd6 Qxd6 14. c4 Rfd8 15. Qc2 Rac8 16. a3 b5 17. c5 Qc7 18. Rfe1 Rd5 19. Re5 Rcd8 20. Rxd5 Rxd5 21. Ne5 Nd7 22. Nf3 Qd8 23. Re1 a5 24. b4 a4 25. Re2 Qf6 26. Re1 h6 27. Qe4 g6 28. Ne5 Nxe5 29. dxe5 Qd8 30. Kh2 Kg7 31. Re3 Qc7 32. Qf4 Qd8 33. Rf3 Qe7 34. h4 Rd7 35. g3 Rd8 36. Qe4 Qd7 37. Qf4 Qe7 38. Qe4 Rd5 39. Qf4 h5 40. Kg2 Kg8 41. Qe4 Qc7 42. Re3 Qd7 43. Qf3 Rd4 44. Qf6 Qd5+ 45. Kh2 Qd8 46. Qxd8+ Rxd8 47. f4 Rd2+ 48. Kg1 Kg7 49. Kf1 f6 50. Ke1 Rd5 51. exf6+ Kxf6 52. Ke2 Kf5 53. Kf3 Rd4 54. Rc3 e5 55. fxe5 Kxe5 56. Re3+ Kf5 57. Rc3 g5 58. hxg5 Kxg5 59. Re3 Rd5 60. Rc3 Rf5+ 61. Kg2 Rd5 62. Kf3 h4 63. gxh4+ Kxh4 64. Kf4 Rd4+ 65. Ke5 Rd5+ 66. Kf4 Rd4+ 67. Ke5 Rd7 68. Kf4 1/2-1/2

[Event "Madrid 2024-2025ch - Previa A"]
[Site "Madrid ESP"]
[Date "2025.02.18"]
[Round "8.19"]
[White "Hernandez Gutierrez, Jose"]
[Black "Gonzalez Bolado, David"]
[Result "1-0"]
[WhiteElo "1825"]
[BlackElo "1583"]
[PlyCount "85"]
[GameId "2155165081067775"]
[EventDate "2025.01.30"]
[EventType "swiss"]
[EventRounds "9"]
[EventCountry "ESP"]
[SourceTitle "Ajedrez en Madrid"]
[Source "lmi"]
[SourceDate "2025.01.30"]
[SourceVersion "1"]
[SourceVersionDate "2025.03.19"]
[SourceQuality "1"]

1. d4 Nf6 2. Nc3 d5 3. Bf4 g6 4. Qd2 Bg7 5. Bh6 O-O 6. Bxg7 Kxg7 7. O-O-O c5 8. dxc5 e6 9. e4 Nc6 10. exd5 exd5 11. Nxd5 Ne4 12. Qf4 Qg5 13. Qxg5 Nxg5 14. f3 Ne6 15. b4 a5 16. b5 Nb4 17. a3 Nxd5 18. Rxd5 Nc7 19. Rd6 Be6 20. Rb6 Rab8 21. c4 Rfd8 22. c6 bxc6 23. Rxc6 Ne8 24. Ra6 Bxc4 25. Bxc4 Rbc8 26. Rc6 Nd6 27. Be2 Rxc6+ 28. bxc6 Rc8 29. Nh3 Rxc6+ 30. Kd2 Nc4+ 31. Bxc4 Rxc4 32. Rc1 Ra4 33. Rc3 Rd4+ 34. Ke2 Rd6 35. Nf2 Rb6 36. Nd3 Re6+ 37. Kf2 Rd6 38. Ne5 Rd2+ 39. Kg3 h5 40. h4 Rb2 41. Rc5 a4 42. Ra5 Re2 43. Nc4 1-0

[Event "Madrid 2024-2025ch - Previa A"]
[Site "Madrid ESP"]
[Date "2025.02.18"]
[Round "8.20"]
[White "Aldea Moreno, Marina"]
[Black "Guardiola Sevilla, Antonio"]
[Result "1-0"]
[WhiteElo "1823"]
[BlackElo "1777"]
[PlyCount "51"]
[GameId "2155170829422865"]
[EventDate "2025.01.30"]
[EventType "swiss"]
[EventRounds "9"]
[EventCountry "ESP"]
[SourceTitle "Ajedrez en Madrid"]
[Source "lmi"]
[SourceDate "2025.01.30"]
[SourceVersion "1"]
[SourceVersionDate "2025.03.19"]
[SourceQuality "1"]

1. d4 Nf6 2. Bf4 d6 3. Nc3 g6 4. e4 Nh5 5. Be3 Bg7 6. Be2 Nf6 7. Qd2 O-O 8. O-O-O Nbd7 9. e5 Ne8 10. Nf3 Nb6 11. Bh6 f6 12. Qe3 d5 13. h4 Bg4 14. h5 Qd7 15. hxg6 hxg6 16. Bxg7 Nxg7 17. Nh2 Bxe2 18. Nxe2 Nf5 19. Qd3 fxe5 20. dxe5 e6 21. g4 Ne7 22. Nf3 Kg7 23. Ng5 Rh8 24. Nf4 Rxh1 25. Nfxe6+ Kg8 26. Rxh1 1-0

[Event "Madrid 2024-2025ch - Previa A"]
[Site "Madrid ESP"]
[Date "2025.02.18"]
[Round "8.23"]
[White "De Dompablo Fantova, Juan"]
[Black "Rubio Rivera, Felix"]
[Result "1-0"]
[WhiteElo "1782"]
[BlackElo "1727"]
[PlyCount "85"]
[GameId "2155173905051974"]
[EventDate "2025.01.30"]
[EventType "swiss"]
[EventRounds "9"]
[EventCountry "ESP"]
[SourceTitle "Ajedrez en Madrid"]
[Source "lmi"]
[SourceDate "2025.01.30"]
[SourceVersion "1"]
[SourceVersionDate "2025.03.19"]
[SourceQuality "1"]

1. e4 c5 2. Nc3 Nc6 3. f4 g6 4. Nf3 Bg7 5. Bb5 Nd4 6. Bc4 e6 7. O-O Ne7 8. Nxd4 cxd4 9. Ne2 a6 10. Bb3 d3 11. cxd3 b5 12. Qe1 Qb6+ 13. Kh1 Bb7 14. Qf2 Qxf2 15. Rxf2 d6 16. Ng3 h5 17. Ne2 h4 18. h3 Kd7 19. a3 f5 20. Nc3 Nc6 21. Bd1 Bd4 22. Rf1 Rag8 23. Bf3 Nd8 24. Ne2 Bb6 25. b3 g5 26. fxg5 Rxg5 27. Bb2 e5 28. d4 Bxe4 29. dxe5 Rhg8 30. Nf4 Ne6 31. Nd5 Bxd5 32. Bxd5 R8g6 33. b4 Nd4 34. Bxd4 Bxd4 35. e6+ Ke7 36. Rac1 Rxe6 37. Bxe6 Kxe6 38. Rc6 Rg3 39. Rxa6 Bb2 40. a4 Rb3 41. axb5 Rxb4 42. b6 f4 43. Rb1 1-0